000 02256cam a22001934a 4500
005 20250605164340.0
008 250528s ||||||||||||||||||||||||d
035 _a23569
040 _aGR-AtMCL
_bgre
_dGR-AtMCL
_eAACR2
245 1 _aΣυγχωνεύσεις και Εξαγορές./Περιπτώσεις Ελληνικού Τραπεζικού Συστήματος.
260 _c2011
300 _a54
520 _aΕισαγωγή, Συγχώσευση Εξαγορά, Ιστορικό Συγχωνεύσεων και Εξαγορών σε Διεθνές και Εγχώριο Επίπεδο, Λόγοι Στρατηγικής Διαφοροποίσης μέσω Συγχωνεύσεων και Εξαγορών, Πλεονεκτήματα - Μειονεκτήματα Συγχωνεύσεων και Εξαγορών, Νομοθετικό Πλαίσιο- Αντίστοιχες Νομοθετικές Διατάξεις, Ελεγκτικοί Μηχανισμοί Συγχωνεύσεων και Εξαγορών, Ευραπαική Νομοθεσία, Πεδίο Εφαρμογών Διατάξεων - Φοροελαφρύνσεις, Διαχωρισμός Τύπων Μελετών, Μελέτες Περίπτωσεων, Ευρεία Εξέταση Επιχειρήσεων, Μεθολογίες Μελετών, Μελέτες Λογιστικής, Μελέτες Ανάλυσης Επιχειρηματικών Γεγονότων, Μελέτες με Βάση Δηλώσεις Επιχειρηματικών Στελεχών, Θεωρητικά Χαρακτηριστικά Επιτυχημένεις Συγχωνεύσης και Εξαγοράς, Ιστορική Αναδρομή των Ελληνικων Συγχωνεύσεων και Εξαγορών, Τράπεζα Πειραιώς, Ταχυδρομικό Ταμιευτήριο, Αγροτική Τράπεζα Ελλάδος, Εθνική Τράπεζα, Marfin Bank, Εμπορική Τράπεζα, EuroBank, Alpha Bank, Εμπορική Τράπεζα, Συμπεράσματα, Βιβλιογραφία.
700 1 _aΓωγός Στυλιανός
_99154
700 1 _aΚανέλλα Δημ. Κουβελάκη
_99155
942 _cDS
999 _c8570
_d8570